000 00486nam a2200181Ia 4500
008 090124s9999 xx 000 0 und d
082 _b103618
100 _aठोमरे उमाकांत
245 _a रंग रुप
250 _a1
260 _c1951
300 _a124
600 _aठोमरे उमाकांत
630 _a रंग रुप
700 _aठोमरे उमाकांत
730 _a रंग रुप
942 _cBOOK
999 _c149710
_d149710